000 00203nam a22000857a 4500
008 170201b xxu||||| |||| 00| 0 eng d
100 _92721
_aLew.K.
245 _aLife Science-2
260 _aU.S.A.
_bCarson
_c2009
999 _c5886
_d5886